| 000 | 00819nam a22003130a 4500 | ||
|---|---|---|---|
| 001 | PT57775 | ||
| 003 | AR-LpoUNG | ||
| 005 | 20210131231840.0 | ||
| 008 | 191001s2016||||sp |||||||||||||||||spa d | ||
| 020 |
_a9788493776732 _c$11 |
||
| 040 |
_aAR-LpoUNG _bspa _cAR-LpoUNG _eaacr |
||
| 041 | _aspa | ||
| 044 | _asp | ||
| 082 | 0 | _a808.068 3 63fer | |
| 100 | 1 | _aOram, Hiawyn | |
| 245 | 1 | 0 | _aFernando furioso |
| 250 | _a3ra. ed. | ||
| 260 |
_aBarcelona : _bEkare, _c2016. |
||
| 300 |
_a[28] p. : _bil. |
||
| 505 | 0 | _aSugerido a partir de 8 años (etiqueta CELESTE) | |
| 650 | 4 | _aCUENTOS | |
| 650 | 4 | _aLITERATURA | |
| 651 | 4 | _aDOCUMENTOS TEORICOS O METODOLOGICOS | |
| 653 | _aLITERATURA INFANTIL | ||
| 700 | 1 |
_aKitamura, Satoshi _eil. |
|
| 700 | 1 |
_aUribe, Verónica _etr. |
|
| 905 | _a57775 | ||
| 942 | _cLIB | ||
| 999 |
_c12195 _d12195 |
||